000 00802nam a2200205 i 4500
001 187459
003 ES-MaACL
005 20230906222930.0
008 170705s1989 sp a c |||| | cat d
245 0 0 _aObra recent sobre paper
_b: A. Gonzalo, Lamazares, Lindström, J.L. Pascual, M. Planas, Paco Simon, Carlos Velilla, Viladecans : [exposición] maig-[juny] 1989, Sala Gaspar.
260 _aBarcelona :
_bSala Gaspar :
_bDanés,
_c[1989]
300 _a[68] p. :
_btodas il. col. y n. ;
_c23 cm.
650 4 _aPintura-
_zCataluña-
_yS.XX-
_vExposiciones.
_9148194
650 0 4 _aPintura-
_yS.XX-
_vExposiciones.
_916011
655 7 _2tgfbne
_9193628
_aCatálogos de exposiciones
710 2 _aSala Gaspar.
_96478
852 _aES-MaACL
_jL-31784
942 _2udc
999 _c187459
_d187459